| 000 | 00903cab a22001935a 4500 | ||
|---|---|---|---|
| 001 | L158844 | ||
| 008 | 150817e2015 xxk 000 0 eng d | ||
| 035 | _a(Sirsi) u158844 | ||
| 041 | 0 | _aeng | |
| 245 | 0 | 0 |
_aArnold v Britton _h[electronic resource] |
| 260 | _c2015 | ||
| 520 | _a[2015] UKSC 36, 10 June 2015. Appeal by tenant leaseholders of 25 holiday chalets over interpretation of service charge provisons relating to a 10% increase each year over the term of the leases. "Held" that tenants were bound by their contracts to pay the 10% annual increase unless landlord agrees to vary terms of lease. "Appeal" dismissed. | ||
| 590 | _aKA | ||
| 650 | 2 | 4 | _aSERVICE CHARGES |
| 690 |
_aResidential property _96266 |
||
| 690 |
_aLandlord and tenant _96252 |
||
| 856 | 4 | 0 |
_uhttps://www.bailii.org/uk/cases/UKSC/2015/36.html _zView the item free of charge from the www.bailii.org website. |
| 942 | _n0 | ||
| 999 |
_c84711 _d84711 |
||